| 000 | 00510nam a2200217 a 4500 | ||
|---|---|---|---|
| 999 |
_c7545 _d7545 |
||
| 001 | 7545 | ||
| 003 | BD-JhCC | ||
| 005 | 20180219103647.0 | ||
| 008 | 180211s1959 bg |||| |||| 000 0 eng d | ||
| 035 | _a(BD-JhCC)7545 | ||
| 040 |
_aBD-JhCC _dBD-JhCC |
||
| 041 | _aeng | ||
| 082 |
_a297.9 _b1959 |
||
| 100 | _aAli, K | ||
| 245 |
_aIslam and The Modern World / _cK. Ali |
||
| 260 |
_aDhaka: _bMullick Brothers, _c1959 |
||
| 300 |
_a289 p;, _c20 cm |
||
| 650 | _aHistory | ||
| 650 | _aIslamic | ||
| 942 |
_2ddc _cBK |
||